000 00818nam a2200253 a 4500
001 000048502
005 20240731114020.0
008 090629s2015 dr 000 0 spa d
040 _aDO-SdBNP
_bspa
_cBNPHU
082 _a335.4
_bM392c
100 1 _aMarx, Carlos
_d1818-1883
_95975
245 1 3 _aEl capital /
_cCarlos Marx.
260 _aSanto Domingo :
_bEdiciones Triunfo Comunista,
_c2015.
300 _av. ;
_c24 cm.
490 1 _aTriunfo comunista
_v37
590 _aInventariado, 2019/VM
500 _aLa biblioteca posee el v. 1
500 _aIncluye referencias bibliográficas y notas al final de los capítulos
650 0 _aCapital
_93797
650 0 _aEconomía política
_95976
650 0 _aCapitalismo
_9280
830 0 _aTriunfo comunista
_v37
_975922
910 _aValidado. Control de calidad MFF
999 _c47990
_d47990